000 00691nam a2200181Ia 4500
008 151202s9999||||xx |||||||||||||| ||und||
082 _bPNVM-8272
100 _aप्रसाद राजेंद्र.
245 _aव्दिखंड हिंदुस्थान.
260 _b"सुलभ राष्ट्रीय ग्रंथमाला,पुणे."
260 _c0
300 _a128
600 _aप्रसाद राजेंद्र.
630 _aव्दिखंड हिंदुस्थान.
700 _aप्रसाद राजेंद्र.
730 _aव्दिखंड हिंदुस्थान.
942 _cBOOK
999 _c1274261
_d1274258